00853 2200313 4500001002100000005001500021007000300036008004100039020002200080035002000102040001700122041000800139082000800147084001400155090001900169100002800188245006700216250001000283264004000293300003400333336002100367337003000388338002300418504002300441650001700464700003000481850001000511990001800521INLIS00000000000666320260411100019ta260411 0  a978-979-021-454-5 a0010-0522000110 aSBPUPADbind0 aind a603 a603 TRI e a603 TRI e L4-30 aTri YuliantoePengarang1 aEnsiklopediaTeknologi Robotika /cTri Yulianto ;Editor,Didik S a.-cet a.--Semarang :bBengawan Ilmu,c2008 aiv,60 hlm. :billus. ;c28 cm 2rdacontentaTeks 2rdamediaaTanpa Perantara 2rdacarrieravolume aBibliografi,Hlm 60 4aEnsiklopedia0 aEditor,Didik SePengarang aPUPAD a13577/BR/2010